| 000 | 00864nam a2200229 4500 | ||
|---|---|---|---|
| 003 | CO-ViMGA | ||
| 020 | _a9789585911550 | ||
| 040 |
_aCO-ViMGA _bspa _cCO-ViMGA |
||
| 090 | _aC MEZ2 | ||
| 100 | 1 |
_aMezquita Arnaiz, Roberto _912508 |
|
| 245 | 1 | 0 |
_aTam, Tim y Tom / _cRoberto Mezquita ; ilustraciones de Paolo Domeniconi |
| 260 | _aEnvigado : Liber | ||
| 300 |
_a[35] páginas : _bilustraciones en color ; 23 cm. |
||
| 490 | _aPlan Nacional de Lectura y Escritura Leer es mi Cuento / Ministerio de Cultura | ||
| 500 | _aRecomendado para un público infantil mayor de 6 años | ||
| 650 | 1 | 4 |
_aAutores Españoles _91477 |
| 650 | 1 | 4 |
_aCuentos Infantiles Españoles - Siglo Xx _97945 |
| 650 | 1 | 4 |
_aLiteratura Infantil Española - Siglo Xx _97938 |
| 650 | 1 | 4 |
_aRelaciones Familiares - Cuentos Infantiles _913002 |
| 700 | 1 |
_aDomeniconi, Paolo _913100 |
|
| 942 |
_2ddc _cBK |
||
| 999 |
_c8669 _d8669 |
||